000 00461nam a2200181Ia 4500
001 9522
005 20260306161724.0
008 260306t2017||||xx |||||||||||||| ||spa||
041 _aESP
082 _a379.850331
_bY915
100 _aYamada, Gustavo
_eAUT
245 0 _aEducación superior y empleo en el Perú:
_buna brecha persistente
260 _c2017
300 _a204 páginas :
_c23 cm.
650 _aGEN
654 _aCED
942 _cLIB
_dJUS
_fJUS
_2ddc
_n
999 _c9522
_d9522